[Event "HUN-chT 2017-18"]
[Site "Budapest"]
[Date "2018.05.06"]
[Round "9"]
[White "Balazs, Gabor"]
[Black "Kecskemeti, Arpad"]
[Result "1/2-1/2"]
[WhiteElo "2397"]
[BlackElo "2308"]
[Annotator "NA"]
[PlyCount "38"]
[EventDate "2018.??.??"]
[EventType "team-tourn"]
[EventCountry "HUN"]
[SourceTitle "playchess.com"]
[Source "ChessBase"]
[SourceQuality "1"]
[WhiteTeam "Hungary"]
[BlackTeam "Hungary"]
[WhiteTeamCountry "HUN"]
[BlackTeamCountry "HUN"]
[TimeControl "40/5400+30:1800+30"]

1. d4 {[%emt 0:00:04]} Nf6 {[%emt 0:00:37]} 2. Nf3 {[%emt 0:00:08]} g6 {[%emt 0:00:07]} 3. Bg5 {[%emt 0:00:14]} Bg7 {[%emt 0:00:20]} 4. Nbd2 {[%emt 0:00:15]} O-O {[%emt 0:02:18]} 5. e4 {[%emt 0:00:27]} d6 {[%emt 0:00:04]} 6. c3 {[%emt 0:00:24]} c5 {[%emt 0:04:50]} 7. dxc5 {[%emt 0:00:37]} dxc5 {[%emt 0:00:12]} 8. Bc4 {[%emt 0:00:18]} a6 {[%emt 0:03:53]} 9. a4 {[%emt 0:01:55]} Nc6 {[%emt 0:01:03]} 10. O-O {[%emt 0:01:47]} Qc7 {[%emt 0:05:05]} 11. Re1 {[%emt 0:04:50]} Rd8 {[%emt 0:03:56]} 12. Qc2 {[%emt 0:04:27]} Rb8 {[%emt 0:01:52]} 13. Bh4 {[%emt 0:05:16]} Nh5 {[%emt 0:07:07]} 14. Bf1 {[%emt 0:05:50]} b5 {[%emt 0:02:04]} 15. axb5 {[%emt 0:01:56]} axb5 {[%emt 0:00:06]} 16. Rad1 {[%emt 0:03:20]} c4 $15 {[%emt 0:15:43]} 17. Nb1 {[%emt 0:03:55]} Bg4 {[%emt 0:08:22]} 18. Rxd8+ {[%emt 0:07:34]} Rxd8 {[%emt 0:01:28]} 19. Bg3 {[%emt 0:02:03]} Nxg3 {[%emt 0:12:45]} 1/2-1/2

[Event "HUN-chT 2017-18"]
[Site "Budapest"]
[Date "2018.05.06"]
[Round "9"]
[White "Hajnal, Zoltan"]
[Black "Groszpeter, Attila"]
[Result "1/2-1/2"]
[WhiteElo "2397"]
[BlackElo "2435"]
[Annotator "TA"]
[PlyCount "31"]
[EventDate "2018.??.??"]
[EventType "team-tourn"]
[EventCountry "HUN"]
[SourceTitle "playchess.com"]
[Source "ChessBase"]
[SourceQuality "1"]
[WhiteTeam "Hungary"]
[BlackTeam "Hungary"]
[WhiteTeamCountry "HUN"]
[BlackTeamCountry "HUN"]

{[%evp 16,21,17,0,0,9,7,14]} 1. e4 c5 2. Nf3 d6 3. d4 cxd4 4. Nxd4 Nf6 5. Nc3 a6 6. h3 e5 7. Nb3 Be6 {B90: Sicilian Najdorf: Unusual White 6th moves, 6 Be3 Ng4 and 6 Be3 e5} 8. Be3 Nc6 (8... h5 9. Be2 Nbd7 10. O-O Rc8 11. Qd2 b5 12. Rfd1 Nb6 13. Bxb6 Qxb6 14. a4 b4 15. Nd5 Nxd5 16. exd5 {0-1 (43) Anand,V (2783)-Kovalyov,A (2641) Tbilisi 2017}) 9. Nd5 {[#] LiveBook: 3 Games. Black must now prevent Bb6.The position is equal.} Bxd5 ({Don't play} 9... Nxe4 $6 10. Bb6 $16) 10. exd5 Ne7 11. c4 {Predecessor:} g6 $146 12. g4 Bg7 13. Bg2 b6 14. O-O h5 15. Bf3 hxg4 16. hxg4 {0-1 (48) Milov,L (2430)-Debashis,D (2451) Dieren 2016} 1/2-1/2

[Event "HUN-chT 2017-18"]
[Site "Budapest"]
[Date "2018.05.06"]
[Round "9"]
[White "Szalai, Kornel"]
[Black "Lazarne Vajda, Szidonia"]
[Result "1-0"]
[WhiteElo "2393"]
[BlackElo "2361"]
[Annotator "NA"]
[PlyCount "95"]
[EventDate "2018.??.??"]
[EventType "team-tourn"]
[EventCountry "HUN"]
[SourceTitle "playchess.com"]
[Source "ChessBase"]
[SourceQuality "1"]
[WhiteTeam "Hungary"]
[BlackTeam "Hungary"]
[WhiteTeamCountry "HUN"]
[BlackTeamCountry "HUN"]
[TimeControl "40/5400+30:1800+30"]

1. f4 {[%emt 0:01:40]} Nf6 {[%emt 0:01:34]} 2. Nf3 {[%emt 0:00:13]} g6 {[%emt 0:00:39]} 3. g3 {[%emt 0:02:27]} Bg7 {[%emt 0:00:22]} 4. Bg2 {[%emt 0:00:08]} d5 {[%emt 0:01:09]} 5. O-O {[%emt 0:02:38]} c5 {[%emt 0:03:20]} 6. d3 {[%emt 0:01:40]} Nc6 {[%emt 0:01:36]} 7. Qe1 {[%emt 0:16:59]} O-O {[%emt 0:03:15]} 8. c3 {[%emt 0:06:42]} b6 {[%emt 0:02:55]} 9. Na3 $15 {[%emt 0:07:46] LiveBook: 18 Games} Ba6 {[%emt 0:07:58]} 10. Rb1 {[%emt 0:02:43]} b5 {[%emt 0:09:26]} 11. Nc2 {[%emt 0:11:36]} b4 {[%emt 0:05:58]} 12. cxb4 {[%emt 0:07:34]} cxb4 {[%emt 0:00:18]} 13. Kh1 {[%emt 0:01:27]} Rb8 {[%emt 0:06:23]} 14. Ne5 {[%emt 0:02:57]} Nxe5 {[%emt 0:09:30]} 15. fxe5 {[%emt 0:00:05]} Ng4 {[%emt 0:00:07]} 16. Nxb4 {[%emt 0:01:43]} Bb7 {[%emt 0:00:31]} 17. d4 {[%emt 0:07:57]} h5 {[%emt 0:01:51]} 18. Bf4 {[%emt 0:07:03]} Rc8 {[%emt 0:06:18]} 19. Qd2 {[%emt 0:04:24]} Kh7 {[%emt 0:00:06]} 20. Nd3 {[%emt 0:01:00]} Qb6 {[%emt 0:02:00]} 21. e3 {[%emt 0:04:42]} f6 {[%emt 0:01:01]} 22. exf6 {[%emt 0:00:03]} exf6 {[%emt 0:00:05]} 23. h3 {[%emt 0:00:36]} Nh6 {[%emt 0:00:43]} 24. Bxh6 {[%emt 0:00:12]} Bxh6 {[%emt 0:00:06]} 25. Nf4 {[%emt 0:00:47]} Rce8 {[%emt 0:04:03]} 26. Rbc1 {[%emt 0:00:38]} Re7 {[%emt 0:01:34]} 27. Rc3 {[%emt 0:01:59]} Bxf4 {[%emt 0:03:07]} 28. gxf4 {[%emt 0:02:36]} Rfe8 {[%emt 0:03:57]} 29. a3 {[%emt 0:00:11]} Kh6 {[%emt 0:05:22]} 30. Qf2 {[%emt 0:00:26]} f5 {[%emt 0:02:20]} 31. Bf3 {[%emt 0:00:30]} Qf6 {[%emt 0:02:28]} 32. Rg1 {[%emt 0:00:11]} Re6 {[%emt 0:01:50]} 33. Re1 {[%emt 0:03:21]} Qe7 {[%emt 0:01:25]} 34. Qg2 {[%emt 0:00:04]} Qf6 {[%emt 0:05:02]} 35. Kh2 {[%emt 0:00:18]} Qd8 {[%emt 0:02:47]} 36. Rg1 {[%emt 0:00:46]} Rb6 {[%emt 0:02:44]} 37. Rb3 {[%emt 0:00:36]} Ree6 {[%emt 0:00:29]} 38. Rxb6 {[%emt 0:00:23]} Rxb6 {[%emt 0:00:26]} 39. Qg5+ {[%emt 0:00:53]} Qxg5 {[%emt 0:00:07]} 40. fxg5+ {[%emt 0:00:00]} Kg7 {[%emt 0:00:44]} 41. b4 {[%emt 0:01:10]} a5 {[%emt 0:08:09]} 42. bxa5 {[%emt 0:06:31]} Rb3 {[%emt 0:03:09]} 43. Rc1 {[%emt 0:00:17]} Kf8 {[%emt 0:01:45]} 44. Rc7 {[%emt 0:00:36]} Ke8 {[%emt 0:00:35]} 45. Kg3 {[%emt 0:00:24]} Ba6 {[%emt 0:01:18]} 46. Kf4 {[%emt 0:00:38]} Rxa3 {[%emt 0:00:21]} 47. Bxd5 {[%emt 0:00:11]} Rxa5 {[%emt 0:00:19]} 48. Bf7+ {[%emt 0:00:10]} 1-0

[Event "HUN-chT 2017-18"]
[Site "Budapest"]
[Date "2018.05.06"]
[Round "9"]
[White "Fogarasi, Tibor"]
[Black "Kozak, Adam"]
[Result "1/2-1/2"]
[WhiteElo "2380"]
[BlackElo "2447"]
[Annotator "TA"]
[PlyCount "56"]
[EventDate "2018.??.??"]
[EventType "team-tourn"]
[EventCountry "HUN"]
[SourceTitle "playchess.com"]
[Source "ChessBase"]
[SourceQuality "1"]
[WhiteTeam "Hungary"]
[BlackTeam "Hungary"]
[WhiteTeamCountry "HUN"]
[BlackTeamCountry "HUN"]

{[%evp 22,56,27,14,29,11,15,0,12,1,16,0,11,0,0,0,0,0,8,2,13,16,59,55,101,0,0,0,0,0,0,0,0,-23,-20,-32,-32]} 1. e4 e5 2. Nf3 Nc6 3. Bb5 a6 4. Ba4 Nf6 5. d3 d6 6. c3 g6 7. Nbd2 {[%cal Bb1d2,Bd2f1,Bf1g3,Bg3e4][%mdl 32]} Bg7 8. Nf1 O-O 9. Ng3 b5 10. Bc2 Bb7 {C77: Ruy Lopez: 3...a6 4 Ba4 Nf6, unusual lines} 11. O-O (11. h4 h5 12. Bg5 Qd7 13. O-O Nd8 14. d4 exd4 15. cxd4 Ne6 16. Bd2 d5 17. e5 Ne4 18. b4 Nxd2 19. Qxd2 {½-½ (89) Andreikin,D (2723)-Karttunen,M (2465) Minsk 2017}) 11... Re8 12. a4 {LiveBook: 3 Games} d5 {The position is equal.} 13. exd5 $146 ({Predecessor:} 13. h3 Nb8 14. Re1 {½-½ (14) Paehtz,E (2482)-Jackova,J (2393) Novi Sad 2009}) 13... Nxd5 14. Ne4 Qe7 15. Bg5 f6 16. axb5 axb5 17. Rxa8 Bxa8 18. Bb3 Na5 19. Ba2 fxg5 20. b4 {[%cal Bb2b4,Bb4a5][%mdl 32]} g4 21. Nfd2 h5 22. bxa5 Kh8 23. g3 (23. Qb3 $16) 23... Qa3 $11 24. Bxd5 Bxd5 25. c4 Bg8 26. cxb5 {Nc4 is the strong threat.} Qxa5 27. Qc2 {next Qc6 is good for White.} Qxb5 28. Qxc7 {[#] Hoping for Nd6.} Qxd3 {Precision: White = 69%, Black = 57%.} 1/2-1/2

[Event "HUN-chT 2017-18"]
[Site "Budapest"]
[Date "2018.05.06"]
[Round "9"]
[White "Farago, Ivan"]
[Black "Borocz, Istvan"]
[Result "0-1"]
[WhiteElo "2373"]
[BlackElo "2365"]
[Annotator "NA"]
[PlyCount "82"]
[EventDate "2018.??.??"]
[EventType "team-tourn"]
[EventCountry "HUN"]
[SourceTitle "playchess.com"]
[Source "ChessBase"]
[SourceQuality "1"]
[WhiteTeam "Hungary"]
[BlackTeam "Hungary"]
[WhiteTeamCountry "HUN"]
[BlackTeamCountry "HUN"]
[TimeControl "40/5400+30:1800+30"]

1. d4 {[%emt 0:00:05]} Nf6 {[%emt 0:00:34]} 2. c4 {[%emt 0:00:18]} e6 {[%emt 0:00:04]} 3. Nf3 {[%emt 0:00:39]} c5 {[%emt 0:00:07]} 4. e3 {[%emt 0:01:38]} b6 {[%emt 0:07:16]} 5. Nc3 {[%emt 0:00:51]} Bb7 {[%emt 0:00:14]} 6. Bd3 {[%emt 0:00:47]} Be7 {[%emt 0:04:01]} 7. O-O {[%emt 0:00:17]} O-O {[%emt 0:05:43]} 8. d5 {[%emt 0:02:40]} exd5 {[%emt 0:04:15]} 9. cxd5 {[%emt 0:00:10]} d6 {[%emt 0:00:10]} 10. e4 {[%emt 0:01:08]} Nbd7 {[%emt 0:00:59]} 11. h3 {[%emt 0:04:42]} a6 {[%emt 0:02:46]} 12. a4 {[%emt 0:00:55]} Re8 $16 {[%emt 0:03:22]} 13. Re1 {[%emt 0:02:38]} Nf8 {[%emt 0:01:20]} 14. Bc4 {[%emt 0:28:27]} Ng6 {[%emt 0:08:04]} 15. e5 {[%emt 0:02:21]} Nxe5 {[%emt 0:23:50]} 16. Nxe5 {[%emt 0:00:19]} dxe5 {[%emt 0:01:54]} 17. Rxe5 {[%emt 0:00:16]} Bd6 {[%emt 0:02:07]} 18. Re2 {[%emt 0:03:30]} h6 {[%emt 0:05:01]} 19. Be3 {[%emt 0:04:18]} Bc7 {[%emt 0:02:12]} 20. Qf1 {[%emt 0:01:18]} Qd6 {[%emt 0:00:57]} 21. g3 {[%emt 0:00:14]} Qd7 {[%emt 0:00:49]} 22. Rd1 {[%emt 0:01:34]} Be5 {[%emt 0:01:28]} 23. Bb3 {[%emt 0:07:11]} Rac8 {[%emt 0:02:22]} 24. Kh2 {[%emt 0:03:30]} b5 {[%emt 0:07:29]} 25. axb5 {[%emt 0:09:19]} axb5 {[%emt 0:00:21]} 26. Qe1 {[%emt 0:00:33]} c4 {[%emt 0:01:43]} 27. Bc2 {[%emt 0:00:07]} Bxc3 {[%emt 0:05:11]} 28. bxc3 {[%emt 0:01:07]} Nxd5 {[%emt 0:01:07]} 29. f3 {[%emt 0:04:42]} Qe6 {[%emt 0:03:43]} 30. Be4 {[%emt 0:01:51]} f5 {[%emt 0:00:31]} 31. Bxd5 {[%emt 0:00:58]} Bxd5 {[%emt 0:00:04]} 32. Qf2 {[%emt 0:00:34]} b4 {[%emt 0:02:16]} 33. cxb4 {[%emt 0:00:11]} c3 {[%emt 0:01:11]} 34. Ree1 {[%emt 0:00:20]} Qc6 {[%emt 0:00:48]} 35. Rc1 {[%emt 0:05:31]} Bxf3 {[%emt 0:00:33]} 36. Bd4 {[%emt 0:00:31]} Rxe1 {[%emt 0:01:14]} 37. Qxe1 {[%emt 0:00:35]} Re8 {[%emt 0:01:16]} 38. Qxc3 {[%emt 0:03:10]} Re2+ {[%emt 0:00:22]} 39. Kg1 {[%emt 0:00:06]} Qe4 {[%emt 0:01:53]} 40. Rf1 {[%emt 0:00:00]} Rg2+ {[%emt 0:00:28]} 41. Kh1 {[%emt 0:09:33]} Rf2+ {[%emt 0:02:17]} 0-1

[Event "HUN-chT 2017-18"]
[Site "Budapest"]
[Date "2018.05.06"]
[Round "9"]
[White "Tompa, Janos"]
[Black "Fendrik, Lajos"]
[Result "1-0"]
[WhiteElo "2372"]
[BlackElo "2206"]
[Annotator "NA"]
[PlyCount "71"]
[EventDate "2018.??.??"]
[EventType "team-tourn"]
[EventCountry "HUN"]
[SourceTitle "playchess.com"]
[Source "ChessBase"]
[SourceQuality "1"]
[WhiteTeam "Hungary"]
[BlackTeam "Hungary"]
[WhiteTeamCountry "HUN"]
[BlackTeamCountry "HUN"]
[TimeControl "40/5400+30:1800+30"]

1. Nf3 {[%emt 0:00:36]} Nf6 {[%emt 0:01:07]} 2. g3 {[%emt 0:01:16]} d5 {[%emt 0:00:17]} 3. d3 {[%emt 0:00:54]} c5 {[%emt 0:01:53]} 4. Bg2 {[%emt 0:01:26]} Nc6 {[%emt 0:00:10]} 5. Nbd2 {[%emt 0:00:28]} e5 {[%emt 0:03:06]} 6. e4 {[%emt 0:01:43]} Be7 {[%emt 0:01:01]} 7. O-O {[%emt 0:00:17]} O-O {[%emt 0:00:28]} 8. Re1 {[%emt 0:02:28]} d4 {[%emt 0:01:03]} 9. Nc4 {[%emt 0:00:23]} Qc7 {[%emt 0:00:57] A08: King's Indian Attack} 10. a4 {[%emt 0:01:45]} Ne8 {[%emt 0:00:38]} 11. c3 {[%emt 0:10:22]} Bg4 $146 {[%emt 0:06:32]} ({Predecessor:} 11... Be6 12. Bd2 dxc3 13. Bxc3 f6 14. Ne3 Qd7 15. Nd5 Nc7 16. Nxe7+ Qxe7 17. Nh4 {½-½ (41) Haub,T (2310)-Maksimenko,A (2545) Schoeneck 1996}) 12. h3 {[%emt 0:02:19]} Be6 {[%emt 0:00:22]} 13. cxd4 {[%emt 0:01:18]} cxd4 {[%emt 0:01:12]} 14. Bd2 {[%emt 0:00:27]} f6 {[%emt 0:07:20]} 15. Rc1 {[%emt 0:00:54]} Qd7 {[%emt 0:00:09]} 16. Kh2 {[%emt 0:00:21]} Nb4 {[%emt 0:03:57]} 17. Bf1 {[%emt 0:05:40]} Na2 {[%emt 0:07:30]} 18. Ra1 {[%emt 0:00:29]} Bxc4 {[%emt 0:00:56]} 19. dxc4 {[%emt 0:00:24]} Nb4 {[%emt 0:00:31]} 20. a5 {[%emt 0:03:43]} Na6 {[%emt 0:11:38]} 21. Ra4 {[%emt 0:06:50]} Nc5 {[%emt 0:02:16]} 22. Ra1 $11 {[%emt 0:02:05]} Nd6 {[%emt 0:11:02]} 23. Qc2 {[%emt 0:29:55]} Ndxe4 {[%emt 0:04:13]} 24. Rxe4 {[%emt 0:00:08]} Qf5 {[%emt 0:01:25]} 25. Bb4 {[%emt 0:01:15]} Qxf3 {[%emt 0:05:29]} 26. Bg2 {[%emt 0:08:12]} Qb3 {[%emt 0:10:30]} 27. Qxb3 {[%emt 0:00:26]} Nxb3 {[%emt 0:00:12]} 28. Bxe7 {[%emt 0:00:06]} Nxa1 {[%emt 0:00:08]} 29. Bxf8 {[%emt 0:02:36]} Nb3 {[%emt 0:01:51]} 30. Bb4 {[%emt 0:00:34]} Rd8 {[%emt 0:05:23]} 31. Re1 b6 {[%emt 0:00:45]} 32. axb6 {[%emt 0:03:48]} axb6 {[%emt 0:01:54]} 33. f4 {[%emt 0:01:59]} exf4 {[%emt 0:01:18]} 34. Bd5+ {[%emt 0:00:58]} Kh8 {[%emt 0:00:12]} 35. gxf4 {[%emt 0:00:05]} g5 {[%emt 0:00:50]} 36. Be7 {[%emt 0:00:30]} 1-0

[Event "HUN-chT 2017-18"]
[Site "Budapest"]
[Date "2018.05.06"]
[Round "9"]
[White "Havasi, Gergo"]
[Black "Stevic, Hrvoje"]
[Result "1/2-1/2"]
[WhiteElo "2367"]
[BlackElo "2588"]
[Annotator "TA"]
[PlyCount "36"]
[EventDate "2018.??.??"]
[EventType "team-tourn"]
[EventCountry "HUN"]
[SourceTitle "playchess.com"]
[Source "ChessBase"]
[SourceQuality "1"]
[WhiteTeam "Hungary"]
[BlackTeam "Hungary"]
[WhiteTeamCountry "HUN"]
[BlackTeamCountry "HUN"]

{[%evp 26,36,8,12,24,17,23,30,42,0,10,0,55]} 1. e4 e5 2. Nf3 Nc6 3. Nc3 Nf6 4. d4 exd4 5. Nxd4 Bb4 6. Nxc6 bxc6 7. Bd3 d5 8. exd5 O-O 9. O-O cxd5 10. Bg5 c6 11. Qf3 Be7 12. h3 Nd7 {C47: Scotch Four Knights and Four Knights with 4 g3} 13. Bxe7 Qxe7 14. Rfe1 {LiveBook: 6 Games} Qg5 15. Na4 Nb6 $146 ({Predecessor:} 15... Qh4 16. c4 dxc4 17. Be4 Rb8 18. Bxc6 Nf6 19. Re7 Be6 20. Rxa7 {0-1 (40) Chandler,M (2545)-Mainka,R (2485) London 1994}) 16. Nc5 Nd7 17. Na4 Nb6 18. Nc5 Nd7 1/2-1/2

[Event "HUN-chT 2017-18"]
[Site "Budapest"]
[Date "2018.05.06"]
[Round "9"]
[White "Juhasz, Armin"]
[Black "Balogh, Csaba"]
[Result "0-1"]
[WhiteElo "2362"]
[BlackElo "2628"]
[Annotator "TA"]
[PlyCount "72"]
[EventDate "2018.??.??"]
[EventType "team-tourn"]
[EventCountry "HUN"]
[SourceTitle "playchess.com"]
[Source "ChessBase"]
[SourceQuality "1"]
[WhiteTeam "Hungary"]
[BlackTeam "Hungary"]
[WhiteTeamCountry "HUN"]
[BlackTeamCountry "HUN"]

{[%evp 21,72,10,0,-57,-48,-54,-50,-54,-22,-58,-41,-74,-56,-84,-84,-89,-91,-92,-69,-105,-89,-83,0,-99,-79,-165,-131,-127,-128,-309,-88,-142,-135,-211,-193,-247,-224,-227,-197,-519,-462,-1237,-1163,-2340,-2054,-29995,-29996,-29996,-29997,-29997,-29998,-29998,-29999]} 1. Nf3 Nf6 2. c4 e6 3. g3 d5 4. d4 Bb4+ 5. Bd2 Be7 6. Bg2 O-O 7. O-O Nbd7 8. Qc2 c6 9. Bf4 Ne4 10. Nbd2 g5 {E08: Closed Catalan: Main Line: 7 Qc2} 11. Be3 Nd6 {LiveBook: 3 Games} 12. cxd5 ({White should play} 12. Rfd1 $11) 12... exd5 $15 {Black is slightly better.} (12... cxd5 13. Nb3 b6 14. Ne5 Ba6 15. Nc6 Rc8 16. Nxe7+ Qxe7 17. Qd1 f5 18. Bd2 {0-1 (39) Can,E (2589)-Robson,R (2656) Khanty-Mansiysk 2017}) 13. Nb3 {[#]} Re8 $146 ({Predecessor:} 13... Nb6 14. Qc1 f6 15. Nc5 Nbc4 16. b3 Nxe3 17. Qxe3 Re8 18. Qd2 {0-1 (37) Mastrokoukos,G (2330)-Skembris,S (2520) Komotini 1992}) 14. Bd2 Nf8 (14... a5 {looks sharper.} 15. a4 Bf6 16. h3 Nf8 17. e3 Bf5) 15. Nc5 Bf5 16. Qc1 {[%cal Rf3g5]} h6 17. h4 {[%cal Rh4g5]} f6 18. Re1 b6 19. Nd3 Qd7 20. a4 Ng6 21. a5 Nb5 (21... gxh4 $17 22. gxh4 h5) 22. Ra4 (22. axb6 $11 {keeps the balance.} axb6 23. Rxa8 Rxa8 24. h5) 22... Bd6 {[%cal Be7d6,Bd6b8,Bb8c7][%mdl 32]} 23. b3 (23. Bb4 $17 {was necessary.}) 23... Rac8 24. axb6 axb6 25. Qa1 $2 (25. Bb4 $17 {was called for.}) 25... Kh7 $2 (25... gxh4 $19 {is more deadly.} 26. Nf4 hxg3 27. fxg3 Nxf4 28. gxf4 Kf7) 26. hxg5 ({White should try} 26. h5 Ne7 27. Bb4) 26... hxg5 $17 27. Bb4 (27. Bxg5 $17 fxg5 28. e4) 27... Bb8 28. Ra6 (28. Bd2 $142) 28... Bc7 $19 29. Bd2 Kg7 30. Nb4 $2 (30. Qc1 {is tougher.}) 30... Rh8 31. Be3 (31. Qc1 $142 g4 32. Nh2 Nxd4 33. Bc3) 31... Bh3 32. Bh1 {[#]} Bf1 $1 {[%mdl 512]} 33. Rxf1 {[#]} Rxh1+ $1 {[%mdl 512] Black mates.} 34. Kxh1 Qh3+ 35. Kg1 Rh8 {[%csl Gh8][%cal Rh3h1]} 36. Nh4 Rxh4 {Precision: White =  9%, Black = 62%.} 0-1

[Event "HUN-chT 2017-18"]
[Site "Budapest"]
[Date "2018.05.06"]
[Round "9"]
[White "Polyik, Peter"]
[Black "Csonka, Attila Istvan"]
[Result "1/2-1/2"]
[WhiteElo "2316"]
[BlackElo "2372"]
[Annotator "NA"]
[PlyCount "23"]
[EventDate "2018.??.??"]
[EventType "team-tourn"]
[EventCountry "HUN"]
[SourceTitle "playchess.com"]
[Source "ChessBase"]
[SourceQuality "1"]
[WhiteTeam "Hungary"]
[BlackTeam "Hungary"]
[WhiteTeamCountry "HUN"]
[BlackTeamCountry "HUN"]
[TimeControl "40/5400+30:1800+30"]

1. d4 {[%emt 0:00:04]} Nf6 {[%emt 0:00:38]} 2. c4 {[%emt 0:00:06]} e6 {[%emt 0:00:08]} 3. Nf3 {[%emt 0:00:05]} b6 {[%emt 0:00:11]} 4. g3 {[%emt 0:00:05]} Ba6 {[%emt 0:00:29]} 5. b3 {[%emt 0:00:13]} Bb4+ {[%emt 0:00:31]} 6. Bd2 {[%emt 0:00:06]} Be7 {[%emt 0:00:13]} 7. Bg2 {[%emt 0:00:05]} d5 {[%emt 0:00:10]} 8. cxd5 {[%emt 0:01:19]} exd5 {[%emt 0:00:06]} 9. O-O {[%emt 0:00:24]} O-O {[%emt 0:00:13]} 10. Bc1 {[%emt 0:01:40]} Nbd7 {[%emt 0:00:31]} 11. Bb2 {[%emt 0:00:06]} Ne4 {[%emt 0:03:37]} 12. Nc3 {[%emt 0:00:55]} 1/2-1/2

[Event "HUN-chT 2017-18"]
[Site "Budapest"]
[Date "2018.05.06"]
[Round "9"]
[White "Erdelyi, Zombor"]
[Black "Papp, Petra"]
[Result "1/2-1/2"]
[WhiteElo "2310"]
[BlackElo "2333"]
[Annotator "ChessBase"]
[PlyCount "125"]
[EventDate "2018.??.??"]
[EventType "team-tourn"]
[EventCountry "HUN"]
[SourceTitle "playchess.com"]
[Source "ChessBase"]
[SourceQuality "1"]
[WhiteTeam "Hungary"]
[BlackTeam "Hungary"]
[WhiteTeamCountry "HUN"]
[BlackTeamCountry "HUN"]
[TimeControl "40/5400+30:1800+30"]

1. e4 {[%emt 0:00:13]} e5 {[%emt 0:01:04]} 2. Nf3 {[%emt 0:00:09]} Nf6 {[%emt 0:00:07]} 3. Nxe5 {[%emt 0:01:33]} d6 {[%emt 0:00:22]} 4. Nf3 {[%emt 0:00:06]} Nxe4 {[%emt 0:00:37]} 5. Nc3 {[%emt 0:00:10]} Nxc3 {[%emt 0:00:25]} 6. dxc3 {[%emt 0:00:05]} Be7 {[%emt 0:00:28]} 7. Be3 {[%emt 0:00:07]} O-O {[%emt 0:01:06]} 8. Qd2 {[%emt 0:08:20]} Nd7 {[%emt 0:00:36]} 9. Be2 {[%emt 0:06:01]} Nf6 {[%emt 0:04:20]} 10. h3 {[%emt 0:04:05]} d5 {[%emt 0:02:31]} 11. O-O-O {[%emt 0:02:31]} c5 {[%emt 0:13:14]} 12. g4 {[%emt 0:02:02]} Qa5 {[%emt 0:02:15]} 13. a3 {[%emt 0:04:14]} Rd8 {[%emt 0:04:19]} 14. c4 {[%emt 0:02:00]} Qxd2+ {[%emt 0:02:37]} 15. Nxd2 {[%emt 0:00:58]} dxc4 {[%emt 0:09:08]} 16. Nxc4 {[%emt 0:08:19]} Be6 {[%emt 0:02:29]} 17. Na5 {[%emt 0:14:01]} Bd5 {[%emt 0:17:55]} 18. Rhe1 {[%emt 0:01:10]} b6 {[%emt 0:04:04]} 19. Nc4 {[%emt 0:00:18]} Bb7 {[%emt 0:03:17]} 20. Bg5 {[%emt 0:03:10]} h6 {[%emt 0:05:04]} 21. Bh4 {[%emt 0:01:13]} g5 {[%emt 0:10:03]} 22. Bg3 {[%emt 0:00:18]} Rxd1+ {[%emt 0:05:01]} 23. Rxd1 {[%emt 0:03:52]} Rd8 {[%emt 0:03:27]} 24. Rxd8+ {[%emt 0:03:23]} Bxd8 {[%emt 0:00:01]} 25. Nd6 {[%emt 0:00:16]} Bd5 {[%emt 0:02:56]} 26. Nf5 {[%emt 0:05:25]} Kh7 {[%emt 0:00:45]} 27. c4 {[%emt 0:05:18]} Be4 {[%emt 0:01:47]} 28. Nd6 {[%emt 0:00:28]} Bg6 {[%emt 0:01:05]} 29. h4 {[%emt 0:04:13]} h5 {[%emt 0:01:29]} 30. hxg5 {[%emt 0:04:52]} Nxg4 {[%emt 0:01:00]} 31. f4 {[%emt 0:00:45]} Kg7 {[%emt 0:01:37]} 32. Bh4 {[%emt 0:09:37]} Kf8 {[%emt 0:00:44]} 33. f5 {[%emt 0:00:18]} Be7 {[%emt 0:00:32]} 34. fxg6 {[%emt 0:04:48]} Bxd6 {[%emt 0:00:01]} 35. gxf7 {[%emt 0:00:12]} Kxf7 {[%emt 0:00:15]} 36. Bd3 {[%emt 0:00:47]} Bf4+ {[%emt 0:00:50]} 37. Kc2 {[%emt 0:01:25]} Ne5 {[%emt 0:00:07]} 38. Be4 {[%emt 0:01:17]} Ng6 {[%emt 0:00:30]} 39. Bd5+ {[%emt 0:00:02]} Ke7 {[%emt 0:00:58]} 40. Bf2 {[%emt 0:00:00]} Bxg5 {[%emt 0:00:42]} 41. Bg3 {[%emt 0:02:06]} Bf4 {[%emt 0:08:50]} 42. Be4 {[%emt 0:00:26]} Bxg3 {[%emt 0:00:26]} 43. Bxg6 {[%emt 0:00:02]} h4 {[%emt 0:00:05]} 44. Kd3 {[%emt 0:04:10]} Kf6 {[%emt 0:01:09]} 45. Be8 {[%emt 0:00:59]} h3 {[%emt 0:00:59]} 46. Ke2 {[%emt 0:03:56]} Ke5 {[%emt 0:03:51]} 47. Kf3 {[%emt 0:01:41]} h2 {[%emt 0:01:01]} 48. Kg2 {[%emt 0:00:01]} Kd4 {[%emt 0:00:45]} 49. a4 {[%emt 0:11:00]} Kxc4 {[%emt 0:10:33]} 50. Bf7+ {[%emt 0:00:15]} Kb4 {[%emt 0:00:09]} 51. b3 {[%emt 0:00:03]} Bc7 {[%emt 0:00:18]} 52. Bg8 {[%emt 0:00:22]} a6 {[%emt 0:04:41]} 53. Bf7 {[%emt 0:00:05]} Bd6 {[%emt 0:01:39]} 54. Bg8 {[%emt 0:00:05]} a5 {[%emt 0:00:25]} 55. Bf7 {[%emt 0:01:19]} b5 {[%emt 0:00:22]} 56. axb5 {[%emt 0:00:05]} Kxb5 {[%emt 0:00:13]} 57. Be6 {[%emt 0:00:27]} Kb4 {[%emt 0:00:12]} 58. Bf7 {[%emt 0:00:06]} c4 {[%emt 0:00:14]} 59. Bxc4 {[%emt 0:00:10]} a4 {[%emt 0:00:02]} 60. bxa4 {[%emt 0:00:07]} Kxc4 {[%emt 0:00:02]} 61. a5 {[%emt 0:00:14]} Kb5 {[%emt 0:00:03]} 62. a6 {[%emt 0:00:04]} Kxa6 {[%emt 0:00:02]} 63. Kh1 {[%emt 0:00:04]} 1/2-1/2